| 000 | 00527nam a2200193 a 4500 | ||
|---|---|---|---|
| 001 | 1765635237343 | ||
| 003 | YourLibrary | ||
| 005 | 20251216152704.0 | ||
| 008 | 251213s2005##################000#0#eng## | ||
| 020 | _a9783110188493 | ||
| 082 | 0 | 4 |
_a221.6 _bPER |
| 100 | 1 |
_aPerani, Mauro, _eauthor. |
|
| 245 | 1 | 0 | _a"The words of a wise man's mouth are gracious" (Qoh 10,12) : |
| 260 |
_bWalter de Gruyter, _c2005. |
||
| 300 | _a542 pages | ||
| 650 | 0 | _aReligion. | |
| 942 | _cENGLISH | ||
| 040 |
_aYourLibrary _beng _cYourLibrary |
||
| 999 |
_c602625 _d602625 |
||